Command and Conquer Red Alert Units - Statistics

General Stats
  • This quiz has been taken 78 times
  • The average score is 16 of 50
Answer Stats
Soviet / Allied Answer % Correct
Soviet Personnel Infantry
64%
Allied Personnel Infantry
64%
Allied Vehicle Light Tank
60%
Soviet Vehicle Heavy Tank
58%
Soviet Personnel Tanya
58%
Allied Personnel Tanya
58%
Soviet Vessel Submarine
56%
Soviet Personnel Grenadier
55%
Allied Vehicle Medium Tank
55%
Allied Vessel Cruiser
51%
Allied Vessel Destroyer
49%
Soviet Personnel Attack Dog
47%
Allied Personnel Spy
45%
Soviet Personnel Engineer
44%
Allied Personnel Engineer
44%
Soviet Vehicle Mammoth Tank
44%
Soviet Aircraft MIG
40%
Soviet Vehicle Tesla Tank
38%
Soviet Aircraft Yak
38%
Allied Vehicle APC
36%
Allied Vehicle Artillery
36%
Soviet Personnel Flamethrower Infantry
36%
Soviet Aircraft Chinook
31%
Allied Personnel Medic
31%
Soviet Vessel Transport
27%
Allied Vessel Transport
27%
Soviet Aircraft Hind
25%
Allied Vehicle Ranger
25%
Soviet Personnel Rocket Soldier
22%
Allied Personnel Rocket Soldier
22%
Allied Vessel Gun Boat
20%
Allied Aircraft Longbow
18%
Soviet Vehicle Mine Layer
18%
Allied Vehicle Mine Layer
18%
Allied Personnel Thief
18%
Allied Vehicle Chrono Tank
16%
Soviet Vessel Missile Submarine
16%
Allied Vehicle Mobile Gap Generator
15%
Soviet Vehicle Demolition Truck
13%
Allied Vehicle Demolition Truck
13%
Soviet Vehicle MCV
13%
Allied Vehicle MCV
13%
Soviet Personnel Shock Trooper
13%
Soviet Vehicle V2 Rocket Launcher
13%
Soviet Vehicle Ore Truck
11%
Allied Vehicle Ore Truck
11%
Soviet Vehicle Radar Jammer
11%
Allied Vehicle Radar Jammer
11%
Soviet Vehicle MAD Tank
9%
Allied Personnel Mechanic
7%
No matching quizzes found
Score Distribution
Percent of People with Each Score
Percentile by Number Answered
Your Score History
You have not taken this quiz